000 00355nam a2200145Ia 4500
008 191201s2004 xx 000 0 und d
082 _a382
_bDAI
100 _aDACOSTA, Genaroh
245 0 _aInternational Trade and Payments
250 _a1st
260 _aN.Delhi
_bHimalaya Publication House
_c2004
300 _a279
650 _aMBA
942 _2ddc
_cBK
999 _c4334
_d4334